02805cam a22004215i 450000100090000000300090000900500170001800800410003502000150007602000180009103500240010904000430013308200220017610000360019824501450023426400440037926400100042330000600043333600260049333700280051933800270054750400510057450503220062552005660094765000390151365000490155265300250160165500240162670000310165085601060168185600910178785600920187894200120197099900170198295201290199995201350212895201200226318217961EG-ScBUE20260309093039.0140709t2015 maua f b 001 0 eng d a1133109632 a9781133109631 a(OCoLC)ocn890831674 aEG-ScBUEbengerdacEG-ScBUEdEG-ScBUE04a570.1515bSTE2221 aStewart, James,d1941-eauthor.10aBiocalculus :bcalculus for the life sciences /cJames Stewart, McMaster University and University of Toronto, Troy Day, Queen's University. 1aBoston, MA :bCengage Learning,c[2015] 4cc2015 axlvii, 802 pages :billustrations (some color) ;c26 cm 2rdacontentatextbtxt aunmediated2rdamediabn avolumebnc2rdacarrier aIncludes bibliographical references and index.0 aFunctions and sequences -- Limits -- Derivatives -- Applications of derivatives -- Integrals -- Applications and integrals -- Differential equations -- Vectors and matrix models -- Multivariable calculus -- Systems of linear differential equations -- Descriptive statistitics -- Probability -- Inferential statistics. aThe chief goal in Biocalculus: calculus for the life sciences is to show students how calculus relates to biology ... Although the focus is on the interface between mathematics and the life sciences, the logical structure of the book is motivated by the mathematical material. Students will come away with a sound knowledge of mathematics and an understanding of the importance of mathematical arguments. Equally important, they will also come away with a clear understanding of how these mathematical concepts and techniques are central in the life sciences.-- 7aLife sciencesxMathematics.2BUEsh 7aCalculusxStudy and teaching (Higher)2BUEsh bENGGENcNovember2016 vReading book9342321 aDay, Troy,d1968-eauthor.423Contributor biographical informationuhttp://www.loc.gov/catdir/enhancements/fy1608/2014945476-b.html423Publisher descriptionuhttp://www.loc.gov/catdir/enhancements/fy1608/2014945476-d.html413Table of contents onlyuhttp://www.loc.gov/catdir/enhancements/fy1608/2014945476-t.html 2ddccBB c23330d23302 00102ddc40708BaccahaMAINbMAINc1STd2016-11-26ePurchaseg1440.00l0o570.1515 STEp000040041r2025-07-15 00:00:00yBB 00102ddc40708BaccahaMAINbMAINc1STd2016-11-26ePurchasel2m7o570.1515 STEp000040042r2025-07-15 00:00:00s2017-11-12yBB 00102ddc40708BaccahaMAINbMAINc1STd2016-11-26ePurchasel0o570.1515 STEp000040043r2025-07-15 00:00:00yBB